Basics of information technology for librarians and information scientists : (Record no. 63341)

MARC details
000 -LEADER
fixed length control field 00674nam a22001697a 4500
005 - DATE AND TIME OF LATEST TRANSACTION
control field 20120223120520.0
020 ## - INTERNATIONAL STANDARD BOOK NUMBER
International Standard Book Number 8170003423
Terms of availability 1500.00 (set price)
035 ## - SYSTEM CONTROL NUMBER
System control number B-92473
037 ## - SOURCE OF ACQUISITION
Stock number DPL
Source of stock number/acquisition ENG
100 ## - MAIN ENTRY--PERSONAL NAME
Personal name Dhiman, Anil K.
245 ## - TITLE STATEMENT
Title Basics of information technology for librarians and information scientists :
Remainder of title Fundamentals of IT /
Statement of responsibility, etc by Anil K. Dhiman
250 ## - EDITION STATEMENT
Edition statement Vol.I
260 ## - PUBLICATION, DISTRIBUTION, ETC. (IMPRINT)
Place of publication, distribution, etc New Delhi
Name of publisher, distributor, etc Ess Ess Publications
Date of publication, distribution, etc 2003
300 ## - PHYSICAL DESCRIPTION
Extent 338p.
Dimensions 20 cms.
942 ## - ADDED ENTRY ELEMENTS (KOHA)
Source of classification or shelving scheme Dewey Decimal Classification
Item type English Books
Classification part 025.04
Call number suffix DHI
Holdings
Withdrawn status Lost status Not for loan Collection code Home library Current library Date acquired Cost, normal purchase price Full call number Barcode Cost, replacement price Koha item type
      Non-fiction Sarojini Nagar Sarojini Nagar 23/02/2012 1500.00 025.04 DHI B-92473 1500.00 English Books

© Delhi Public Library
Hit Counter
free hit counter